000
00250nam a2200097Ia 4500
001
805684
005
20250826171157.0
008
250824s9999 xx 000 0 und d
245
0
_a
EDEBİYAT DERSLERİ
_c
AHMET HAMDİ TANPINAR
260
_b
DERGAH YAYINLARI
999
_c
805684
_d
805684